| 000 | 00649nam a2200205 a 4500 | ||
|---|---|---|---|
| 005 | 20240919064630.0 | ||
| 008 | 991125s1973 ag 000 0 spa u | ||
| 035 | _aUPN01000018213 | ||
| 049 | _aCG | ||
| 050 | 4 |
_aLA541 _bG3.8 |
|
| 100 | 1 | _aGale, Laurence | |
| 245 | 1 | 0 |
_aEducación y desarrollo en América Latina / _cLaurence Gale ; tr. Renato Restano. |
| 260 |
_aBuenos Aires : _bPaidós, _c1973. |
||
| 300 | _a251 p. | ||
| 440 | 0 |
_aBiblioteca del educador contemporáneo. _pSerie menor : _v135 |
|
| 650 | 4 |
_aEducación _zAmérica Latina _99694 |
|
| 651 | 2 |
_aAmérica Latina _xCondiciones sociales _92836 |
|
| 905 | _aLibro | ||
| 999 |
_c18213 _d18213 |
||